|
|
|
|
| LEADER |
00000nem a2200000 4500 |
| 001 |
vtls011840015 |
| 003 |
SK-MaSNL |
| 005 |
20260302055250.0 |
| 007 |
aj canzn |
| 008 |
190208s2017 xo jmb a 00 slo |
| 015 |
|
|
|a SNBC2019
|
| 034 |
1 |
|
|a a
|b 21000
|
| 040 |
|
|
|a SNK
|b slo
|c SNK
|e rda
|
| 041 |
0 |
|
|a slo
|
| 043 |
|
|
|a e-xo---
|
| 044 |
|
|
|a xo
|c SK
|
| 072 |
|
7 |
|a 913(437)
|x Geografia Česka a Slovenska, reálie, cestovanie
|2 konspekt
|
| 072 |
|
7 |
|a 912
|x Mapy. Atlasy
|2 konspekt
|
| 080 |
|
|
|a 913(437.611)
|2 2011
|
| 080 |
|
|
|a (084.3)911.375
|2 2011
|
| 080 |
|
|
|a 711.5
|2 2011
|
| 110 |
2 |
|
|a BB-MAPY (Banská Bystrica, Slovensko)
|4 aut
|4 pbl
|9 335384
|
| 245 |
1 |
0 |
|a Bratislava
|h kartografický dokument
|b mapa mesta a všetkých mestských častí
|c BB-MAPY
|
| 250 |
|
|
|a 14. vydanie
|
| 255 |
|
|
|a Mierka 1:21 000
|
| 264 |
|
1 |
|a Banská Bystrica
|b BB-MAPY
|c 2017
|
| 300 |
|
|
|a 1 mapa
|b farebná, obojstranná
|c 49 x 46 cm a 49 x 28 cm, na liste 62 x 46 cm, zložené na 23 x 13 cm
|
| 336 |
|
|
|a kartografický obraz
|b cri
|2 rdacontent
|
| 337 |
|
|
|a bez média
|b n
|2 rdamedia
|
| 338 |
|
|
|a list
|b nb
|2 rdacarrier
|
| 500 |
|
|
|a Príloha denníka Pravda
|
| 500 |
|
|
|a Obsahuje vysvetlivky, mapy mestských častí - Rača, Bory, centrum mesta Bratislavy, Záhorská Bystrica, Jarovce, Devínska Nová Ves, Rusovce, Rusovce-časť, Petržalka, Slnečnice, Čunovo, Devín a zoznam liniek MHD a IDS
|
| 650 |
0 |
7 |
|a mestské časti
|2 SNKPH
|9 30863
|
| 651 |
|
7 |
|a Bratislava (Slovensko)
|2 SNKPH
|
| 655 |
|
7 |
|a plány miest
|2 SNKPH
|9 70536
|
| 772 |
0 |
|
|t Pravda
|x 1335-4051
|
| 999 |
|
|
|c 1116632
|d 1118562
|
| 952 |
|
|
|a SNK
|b SNK
|y PREZ
|7 0
|p 17A1359511
|o snkSLCm 3428
|i snk2019/3725
|8 0
|0 0
|1 0
|4 0
|d 2019-02-08
|l 0
|r 2026-02-24 18:18:53
|w 2026-02-24
|
| 952 |
|
|
|a SNK
|b SNK
|y PREZ
|7 0
|p 17A1359512
|o snkSLCm 3428 D1
|i snk2019/3726
|8 0
|0 0
|1 0
|4 0
|d 2019-02-08
|l 0
|r 2026-02-24 18:18:53
|w 2026-02-24
|